Central Library OPAC University of Rajshahi

Handbook of medical sociology / (Record no. 12751)

MARC details
000 -LEADER
fixed length control field 01051cam a2200313 a 4500
001 - CONTROL NUMBER
control field 12751
003 - CONTROL NUMBER IDENTIFIER
rucl marc code BD-RjUL
005 - DATE AND TIME OF LATEST TRANSACTION
control field 20211208235341.0
008 - FIXED-LENGTH DATA ELEMENTS--GENERAL INFORMATION
fixed length control field 140129t1963 nju b 001 0 eng c
035 ## - SYSTEM CONTROL NUMBER
System control number (BD-RjUL)12801
System control number 11841401
040 ## - CATALOGING SOURCE
Original cataloging agency DNLM/DLC
Transcribing agency DLC
Modifying agency DLC
-- BD-RjUL
Language of cataloging eng
041 ## - LANGUAGE CODE
Language code of text/sound track or separate title eng
060 10 - NATIONAL LIBRARY OF MEDICINE CALL NUMBER
Classification number WA 31
Item number H236 2000
082 00 - DEWEY DECIMAL CLASSIFICATION NUMBER
Classification number 362.1
Edition number 21
Author mark and year HAN 1963
245 00 - TITLE STATEMENT
Title Handbook of medical sociology /
Statement of responsibility, etc. edited by Chloe E. Bird, Peter Conrad, Allen M. Fremont; formerly edited by Howard E. Freeman, Leo G. Reeder, and Sol Levine.
260 ## - PUBLICATION, DISTRIBUTION, ETC. (IMPRINT)
Place of publication, distribution, etc. Englewood :
Name of publisher, distributor, etc. Prentice Hall,
Date of publication, distribution, etc. c1963.
300 ## - PHYSICAL DESCRIPTION
Pagination xiv, 602 p. :
Size 26 cm.
Illustrations ill. ;
504 ## - BIBLIOGRAPHY, ETC. NOTE
Bibliography, etc Includes bibliographical references and index.
650 #0 - SUBJECT ADDED ENTRY--TOPICAL TERM
Topical term or geographic name as entry element Social medicine
Form subdivision Handbooks, manuals, etc.
9 (RLIN) 39725
Topical term or geographic name as entry element Social Medicine.
9 (RLIN) 39726
Topical term or geographic name as entry element Sociology, Medical.
9 (RLIN) 18416
700 1# - ADDED ENTRY--PERSONAL NAME
Personal name Freeman, Howard E.
Personal name Levine, sol
Personal name Reeder, Leo G.
942 ## - ADDED ENTRY ELEMENTS (KOHA)
Source of classification or shelving scheme Dewey Decimal Classification
Koha item type Books
Holdings
Lost status Source of classification or shelving scheme Damaged status Not for loan Collection code Permanent Location Current Location Shelving location Date acquired Source of acquisition Cost, normal purchase price Total Checkouts Full call number Date last seen Copy number Koha item type
  Dewey Decimal Classification     Non-fiction Central Library, University of Rajshahi Central Library, University of Rajshahi   28/03/1968 Euro-pak book agency 66.00   362.1 HAN 1963 29/01/2014 C-3 Books